| 000 | 00975nam a22003137a 4500 | ||
|---|---|---|---|
| 003 | CHAP | ||
| 005 | 20220329135143.0 | ||
| 008 | 971013s1980 r 00010 d | ||
| 010 | _a31791 | ||
| 011 | _a32763 | ||
| 035 | _a36878 | ||
| 040 | _cCHAP | ||
| 082 |
_a663.63 _bN4 |
||
| 100 | 0 | 0 |
_aNelson, Philip E. _980797 |
| 245 | _aFruit and vegetable juice processing technology | ||
| 260 |
_aWestport, Conn. : _bAVI, _c1980 |
||
| 300 | _a603 p. | ||
| 590 |
_aBATCH-UPD _b10 _c20130110 _lUCH01 _h0008 |
||
| 590 |
_aBATCH-UPD _b10 _c20130110 _lUCH01 _h1932 |
||
| 590 |
_aCONVERSION _b10 _c20130109 _lUCH01 _h1318 |
||
| 650 | 1 | 4 |
_aFruta _xProcesado. _943653 |
| 650 | 1 | 4 |
_aJugos de fruta. _962307 |
| 650 | 1 | 4 |
_aJugos de legumbres. _962315 |
| 700 | 0 |
_aTressler, Donald Kiteley. _9114828 |
|
| 901 | _aBK | ||
| 942 | _cLIBRO | ||
| 949 |
_a663.63 N4 _bBC _cLIBRO _d33724000132882 _eLIBRO _h56561 _i36878 _si |
||
| 949 |
_a663.63 N4 _bBC _cLIBRO _d33724002206231 _eLIBRO _fc.2 _h56562 _i36878 _si |
||
| 999 |
_c31791 _d31791 |
||